00499nam a22001457a 4500082003000000100002900030245004900059260004300108300002300151526003700174650001300211942001200224999001900236952009800255 a624.1762bKETcL-20, P-45 aKetchum, Mile, S.942912 aStress in framed structurescMile S. Ketchum aLondonbMcGraw-Hill Book Companyc1932 axi, 217.p:bPart-1 a0b0c0d624_176200000000000_KET aMCE9379 2ddccBK c546722d546722 00102ddc4070aMCEbMCEd2014-06-18l0o624.1762 KETpMCE-30161r2014-06-18w2014-06-18yBK